[Event "HZ Open 2013"]
[Site "Vlissingen NED"]
[Date "2013.08.03"]
[Round "1.33"]
[White "Freer,R"]
[Black "Bezemer,A"]
[Result "0-1"]
[WhiteElo "1850"]
[BlackElo "2292"]

1.e4 c5 2.Nf3 d6 3.Bb5+ Bd7 4.Bxd7+ Qxd7 5.O-O Nf6 6.Qe2 Nc6 7.c3 e6 8.d4 cxd4
9.cxd4 d5 10.e5 Ne4 11.Nbd2 Nxd2 12.Bxd2 Be7 13.Rac1 O-O 14.Rc3 Rac8 15.Rfc1 a6
16.Qd3 Bd8 17.Bg5 f6 18.exf6 gxf6 19.Bh6 Rf7 20.Nh4 Bc7 21.f4 Bb6 22.Kh1 Kh8
23.f5 e5 24.dxe5 fxe5 25.Qh3 Bd8 26.Ng6+ hxg6 27.fxg6 Qxh3 28.Rxh3 Rf6 29.Bf8+ Kg8
30.g7 Ne7 31.Rh8+ Kf7 32.Rd1 Ng8 33.h4 Rf4 34.Rxd5 Rxh4+ 35.Rxh4 Bxh4 36.Kh2 Rc7
37.Rxe5 Bf6 38.Rf5 Rc2 39.Kh3 Rxb2 40.g4 Kg6 41.Ra5  0-1

[Event "XX Feria de las Flores 2013"]
[Site "Medellin COL"]
[Date "2013.08.04"]
[Round "2.36"]
[White "Escobar Medina,A"]
[Black "Vasquez,Nuremberg Ad"]
[Result "0-1"]
[WhiteElo "2086"]
[BlackElo "1967"]

1.e4 c5 2.Nf3 d6 3.Bb5+ Nc6 4.Bxc6+ bxc6 5.O-O g6 6.Re1 Bg7 7.e5 Bg4 8.exd6 Qxd6
9.h3 Be6 10.d3 Rb8 11.Nc3 Nf6 12.Ng5 Bd5 13.Qe2 Rb7 14.Na4 Rb4 15.b3 h6 16.Nf3 Nh5
17.Rb1 Nf4 18.Qd1 O-O 19.Ba3 Qf6 20.Re3 Nxh3+ 21.Kf1 Rf4 22.Bxc5 Qf5 23.c4 Bxf3
24.Rxf3 Ng5 25.Rxf4 Qxf4 26.Bxa7 Qh2 27.g3 Rd8 28.Be3 Bd4 29.Ke2 Qh5+ 30.Kd2 Bxe3+
31.Kxe3 Nf3 32.Nb2 Rd6 33.Qxf3 Re6+ 34.Qe4 Qg5+ 35.Ke2 Qg4+ 36.Ke3 Rxe4+
37.dxe4 f5 38.exf5 gxf5 39.Nd3 e5  0-1

[Event "5th Rethymno Open"]
[Site "Rethymno GRE"]
[Date "2013.08.04"]
[Round "9.7"]
[White "Markidis,K"]
[Black "Borovikov,V"]
[Result "0-1"]
[WhiteElo "2376"]
[BlackElo "2564"]

1.e4 c5 2.Nf3 d6 3.Bb5+ Nd7 4.O-O a6 5.Bd3 Ngf6 6.c3 Ne5 7.Be2 Ng6 8.Re1 e5
9.d4 Bd7 10.Nbd2 b5 11.b3 Be7 12.Bb2 cxd4 13.cxd4 Qb8 14.Ba3 O-O 15.Rc1 exd4
16.Nxd4 Re8 17.Nc6 Bxc6 18.Rxc6 d5 19.Bb2 dxe4 20.Bxf6 Bxf6 21.Bf1 e3 22.fxe3 Bg5
23.Nf3 Bxe3+ 24.Kh1 Qb7 25.Qc2 Bf4 26.Rxe8+ Rxe8 27.a4 Ne7 28.Rc5 Bd6 29.Rg5 h6
30.Rg4 Nd5 31.Re4 Rc8 32.Qd2 Bf8 33.Rd4 Nf6 34.axb5 axb5 35.Qe2 b4 36.Rc4 Re8
37.Qc2 Nd5 38.Qc1 Ne3 39.Rc7 Qd5 40.Bc4 Nxc4 41.Rxc4 Qd3  0-1

[Event "Arad Open 2013"]
[Site "Arad ROU"]
[Date "2013.08.05"]
[Round "4.8"]
[White "Kasparov,S"]
[Black "Costin,P"]
[Result "1-0"]
[WhiteElo "2484"]
[BlackElo "2272"]

1.e4 c5 2.Nf3 d6 3.Bb5+ Bd7 4.Bxd7+ Nxd7 5.O-O Ngf6 6.Re1 Qc7 7.c3 c4 8.b3 d5
9.exd5 Nxd5 10.Na3 N5b6 11.Qe2 Rc8 12.Nb5 Qb8 13.bxc4 Nxc4 14.d3 a6 15.Nbd4 Ncb6
16.Nf5 e6 17.Ng5 Rc6 18.Nd4 Qd6 19.Qf3 Ne5 20.Rxe5 Qxe5 21.Qxf7+ Kd8 22.Nxc6+ bxc6
23.Bf4  1-0

[Event "XX Feria de las Flores 2013"]
[Site "Medellin COL"]
[Date "2013.08.05"]
[Round "4.36"]
[White "Escobar Medina,A"]
[Black "Garces,Javier"]
[Result "1-0"]
[WhiteElo "2086"]
[BlackElo "1982"]

1.e4 c5 2.Nf3 d6 3.Bb5+ Bd7 4.Bxd7+ Qxd7 5.c4 Nf6 6.Nc3 g6 7.d4 cxd4 8.Nxd4 Bg7
9.f3 Nc6 10.Be3 Ne5 11.b3 O-O 12.O-O Rac8 13.Nde2 a6 14.a4 Qc7 15.Qd2 Ned7
16.Rfd1 Nc5 17.Rab1 Rfe8 18.h3 Rcd8 19.g4 Qc8 20.Qe1 e6 21.Qf2 Nfd7 22.Rxd6 Ne5
23.Bxc5 Nd3 24.Rxd3 Rxd3 25.Rc1 Red8 26.Rc2 Bh6 27.Kg2 Qc6 28.Be7 R8d7 29.Bf6 Bf8
30.Nf4 Bc5 31.Qh4 Rd2+ 32.Rxd2 Rxd2+ 33.Nfe2 Bf8 34.Qg5 Qd7 35.Be5 Be7 36.Qe3 Rd3
37.Qf4 Rd2 38.Qe3 Rd3 39.Qc1 f6 40.Bf4 Bc5 41.Qc2 g5 42.Nd5 exd5 43.Qxd3 gxf4
44.Qxd5+ Qxd5 45.exd5 Be3 46.Nc3 Kf7 47.Ne4  1-0

[Event "XX Feria de las Flores 2013"]
[Site "Medellin COL"]
[Date "2013.08.05"]
[Round "5.22"]
[White "Zapata,JuanC"]
[Black "Munoz,Joh"]
[Result "1-0"]
[WhiteElo "2087"]
[BlackElo "2222"]

1.e4 c5 2.Nf3 d6 3.Bb5+ Nd7 4.c3 a6 5.Ba4 Nf6 6.Qe2 b5 7.Bc2 Bb7 8.O-O e5
9.d4 Be7 10.a4 O-O 11.Nbd2 Re8 12.d5 c4 13.axb5 axb5 14.Rxa8 Qxa8 15.b3 Qa2
16.Qd1 Qa1 17.bxc4 bxc4 18.Nxc4 Qxc3 19.Nfd2 Ra8 20.Bb2 Qb4 21.Qb1 Qc5 22.Bd3 Bc8
23.Rc1 Ng4 24.Ne3 Qb4 25.Nxg4 Qxd2 26.Qc2 Qxc2 27.Bxc2 Nc5 28.Ne3 Bg5 29.Ra1 Rxa1+
30.Bxa1 Bxe3 31.fxe3 Kf8 32.Kf2 Bg4 33.Bc3 Bd1 34.Bxe5 dxe5 35.Bxd1 Nxe4+
36.Kf3 Nc3 37.Bb3 f5 38.g4 g6 39.gxf5 gxf5 40.d6 Ne4 41.d7 Ke7 42.Bc2 Nd6
43.Ba4 Ne4 44.Bc2 Kxd7 45.Bxe4 fxe4+ 46.Kg4 Ke6 47.Kg5 Kd5 48.Kf6 Kd6 49.h4 Kd5
50.Kf5 h5 51.Kf6 Kd6 52.Kg5 Kd5 53.Kxh5 Kc4 54.Kg5 Kd3 55.h5 Kxe3 56.h6  1-0

[Event "XI Miguel Najdorf Open A 2013"]
[Site "Warsaw POL"]
[Date "2013.08.05"]
[Round "1.3"]
[White "Warakomski,T"]
[Black "Nowicki,B"]
[Result "1-0"]
[WhiteElo "2503"]
[BlackElo "2176"]

1.e4 c5 2.Nf3 d6 3.Bb5+ Nd7 4.c3 Nf6 5.d3 e6 6.Nbd2 Be7 7.O-O O-O 8.Re1 a6
9.Ba4 b5 10.Bc2 Bb7 11.d4 cxd4 12.cxd4 Qc7 13.Bd3 Rfe8 14.Qe2 e5 15.d5 Nc5
16.Bc2 a5 17.Nb3 Ba6 18.Nxc5 dxc5 19.Nh4 g6 20.g3 b4 21.Qd1 Bb5 22.f4 c4
23.Nf3 Qb6+ 24.Kg2 exf4 25.e5 fxg3 26.hxg3 Ng4 27.Qd4 Qxd4 28.Nxd4 Bd7 29.e6 Bf6
30.Bf4 fxe6 31.dxe6 Bc8 32.Be4 Ra6 33.Rad1 Bxd4 34.Rxd4 Bxe6 35.Bb7 Rb6 36.Bf3 Nf6
37.Bc7 Ra6 38.g4 g5 39.Re5 c3 40.bxc3 bxc3 41.Rxg5+ Kf7 42.Rc5 Rg8 43.Bg3 Ra7
44.Rf4 Kg6 45.g5 Nh5 46.Re4 Ra6 47.Bc7 Ng7 48.Ree5 Bf5 49.Rxc3 a4 50.Rb5 Kxg5
51.Bc6 Kf6 52.Be5+ Ke6 53.Bd5+ Kxe5 54.Bxg8+ Kd4 55.Rc4+ Kd3 56.Rf4 Be4+
57.Kf2 Rc6 58.Re5 Rc2+ 59.Kg3 Bc6 60.Bxh7+  1-0

[Event "XX Feria de las Flores 2013"]
[Site "Medellin COL"]
[Date "2013.08.06"]
[Round "6.35"]
[White "Escobar Medina,A"]
[Black "Romero,Da"]
[Result "0-1"]
[WhiteElo "2086"]
[BlackElo "1905"]

1.e4 c5 2.Nf3 d6 3.Bb5+ Bd7 4.Bxd7+ Qxd7 5.c4 Nc6 6.d4 cxd4 7.Nxd4 Nf6 8.Nc3 g6
9.f3 Bg7 10.Be3 O-O 11.O-O a6 12.a4 Qc7 13.Nde2 e6 14.Qd2 Rfd8 15.Rfd1 Na5
16.Bf2 Nb3 17.Qd3 Nxa1 18.Rxa1 Rac8 19.b3 d5 20.exd5 exd5 21.c5 Nh5 22.b4 Nf4
23.Nxf4 Qxf4 24.Rb1 Qc4 25.Qxc4 dxc4 26.Ne4 c3 27.Rc1 Bh6  0-1

[Event "16th Olomouc IM Prima Pack"]
[Site "Olomouc CZE"]
[Date "2013.08.06"]
[Round "7.3"]
[White "Wiley,To"]
[Black "Tokmachev,M"]
[Result "1/2-1/2"]
[WhiteElo "2256"]
[BlackElo "2356"]

1.e4 c5 2.Nf3 d6 3.Bb5+ Nd7 4.d4 Nf6 5.O-O cxd4 6.Qxd4 g6 7.e5 dxe5 8.Qxe5 a6
9.Bxd7+ Bxd7 10.Re1 Bg7 11.Nc3 Be6 12.Ng5 Bf5 13.Nd5 Kf8 14.Nxe7 Ne4 15.Qd5 Qxe7
16.Nxe4 Re8 17.f3 Rd8 18.Qb3 Bxe4 19.fxe4 Bd4+ 20.Kh1 Kg7 21.Bd2 Rhe8 22.Bc3 Bxc3
23.Qxc3+ Qe5 24.Qxe5+ Rxe5 25.Re2 f5 26.Kg1 Kf6 27.Rae1 Rde8 28.Kf2 fxe4
29.Ke3 R8e6 30.Rd1 h5 31.Rd4 b5 32.h4 g5 33.Rf2+ Rf5 34.Rxf5+ Kxf5 35.Rd5+ Kg4
36.Rxg5+ Kxh4 37.Rg8 b4 38.c4 bxc3 39.bxc3 Rc6 40.Kd4 e3 41.Kxe3 Rxc3+ 42.Kf4 Rc4+
43.Kf3 Rc3+ 44.Kf4 Rc2 45.g3+ Kh3 46.Rg5 Rf2+ 47.Ke3 Rxa2 48.Rxh5+ Kxg3 49.Rg5+ Kh2
50.Kd3  1/2-1/2

[Event "3rd Riga Tech Uni Op"]
[Site "Riga LAT"]
[Date "2013.08.06"]
[Round "3.9"]
[White "Naroditsky,D"]
[Black "Baghdasaryan,V"]
[Result "1-0"]
[WhiteElo "2503"]
[BlackElo "2414"]

1.e4 c5 2.Nf3 d6 3.Bb5+ Bd7 4.Bxd7+ Qxd7 5.O-O Nc6 6.c3 Nf6 7.Re1 e6 8.d4 cxd4
9.cxd4 d5 10.e5 Ne4 11.Nbd2 Nxd2 12.Bxd2 Be7 13.Rc1 O-O 14.Rc3 Rac8 15.a3 b5
16.h4 b4 17.Rd3 Na5 18.Ng5 Nc4 19.Bc1 bxa3 20.bxa3 Qb5 21.Nxh7 Nxe5 22.Rb3 Qa4
23.Nxf8 Rxc1 24.Qxc1 Qxb3 25.Nxe6 Nd3 26.Qc8+ Kh7 27.Ng5+ Bxg5 28.Qf5+  1-0

[Event "100th ch-GBR 2013"]
[Site "Torquay ENG"]
[Date "2013.08.06"]
[Round "8.10"]
[White "Anderson,J"]
[Black "Wells,P"]
[Result "0-1"]
[WhiteElo "2189"]
[BlackElo "2479"]

1.e4 c5 2.Nf3 d6 3.Bb5+ Bd7 4.Bxd7+ Qxd7 5.O-O Nf6 6.Qe2 Nc6 7.Rd1 g5 8.c3 g4
9.Nh4 Qe6 10.d3 d5 11.Re1 dxe4 12.dxe4 O-O-O 13.Na3 Qxe4 14.Be3 e6 15.Qb5 Qd5
16.Nc4 Be7 17.g3 Ne8 18.Bf4 Bxh4 19.gxh4 Nc7 20.Bxc7 Kxc7 21.Re3 Qf5 22.Rae1 Rd5
23.a4 Rhd8 24.Qb3 Qf6 25.Qc2 Qxh4 26.Qe4 Qf6 27.a5 Qf5 28.Qg2 Qf4 29.b3 a6
30.Qf1 h5 31.Re4 Qf6 32.Qg2 Rd3 33.Ne5 Nxe5 34.Rxe5 Qxe5 35.Rxe5 Rd1+ 36.Qf1 Rxf1+
37.Kxf1 Rd5 38.Re3 Kd6 39.h3  0-1

[Event "100th ch-GBR 2013"]
[Site "Torquay ENG"]
[Date "2013.08.06"]
[Round "8.36"]
[White "Friedland,J"]
[Black "Homer,S"]
[Result "1-0"]
[WhiteElo "2093"]
[BlackElo "2165"]

1.e4 c5 2.Nf3 d6 3.Bb5+ Nd7 4.O-O Nf6 5.Re1 a6 6.Bf1 Ne5 7.h3 e6 8.c3 Qc7
9.d4 Nxf3+ 10.Qxf3 b6 11.Bg5 Nd7 12.Nd2 Bb7 13.b4 h6 14.Be3 Be7 15.bxc5 bxc5
16.Qg3 Bf6 17.f4 O-O 18.e5 dxe5 19.fxe5 Kh8 20.Bd3 Be7 21.Qg4 Rfd8 22.Qh5 Nxe5
23.Bf4 f6 24.Rxe5 Bd6 25.Qg6 Kg8 26.Rxc5 Qd7 27.Bxd6 Qxd6 28.Rf1 f5 29.Nc4 Qe7
30.Re5 Bd5 31.Nb6 Bxa2 32.Nxa8 Qb7 33.Rxe6  1-0

[Event "17th Godesberg Open"]
[Site "Bonn GER"]
[Date "2013.08.07"]
[Round "5.7"]
[White "Spreemann,R"]
[Black "Schoen,Ra"]
[Result "1/2-1/2"]
[WhiteElo "2011"]
[BlackElo "2173"]

1.e4 c5 2.Nf3 d6 3.Bb5+ Nd7 4.O-O e6 5.c3 a6 6.Bxd7+ Bxd7 7.d4 cxd4 8.cxd4 Nf6
9.Nc3 Be7 10.e5 Nd5 11.Nxd5 exd5 12.exd6 Bxd6 13.Re1+ Kf8 14.Ne5 Bxe5 15.Rxe5 Be6
16.Bd2 h6  1/2-1/2

[Event "22nd Kavala Open 2013"]
[Site "Kavala GRE"]
[Date "2013.08.07"]
[Round "2.14"]
[White "Bulmaga,I"]
[Black "Alexiadis,Hristos"]
[Result "1/2-1/2"]
[WhiteElo "2410"]
[BlackElo "1917"]

1.e4 c5 2.Nf3 d6 3.Bb5+ Bd7 4.Bxd7+ Qxd7 5.c4 Nf6 6.Nc3 g6 7.d4 cxd4 8.Nxd4 Bg7
9.f3 O-O 10.Be3 Rc8 11.Qe2 Nc6 12.Rd1 a6 13.c5 dxc5 14.Nf5 Nd4 15.Nxd4 cxd4
16.Bxd4 Qe6 17.O-O Rd8 18.Be3 b5 19.a3 Ne8 20.Nd5 Rac8 21.Rc1 Rxc1 22.Rxc1 Nd6
23.Nf4 Qb3 24.Bb6 Qxb2 25.Qxb2 Bxb2 26.Rc2 Rb8 27.Rxb2 Rxb6 28.Nd5 Rb7 29.Ne3 Rc7
30.Kf2 Rc3 31.e5 Nb7 32.Nd5 Rxa3 33.Rc2 Rd3 34.Nb6 Ra3 35.Nd5 Kg7 36.Rc7 Nd8
37.Rxe7 Ne6 38.Nf6 b4 39.Re8 Nf8 40.Rb8 b3 41.Kg3 a5 42.Ne8+ Kh6 43.Nf6 a4
44.h4 Kg7 45.Ne8+ Kh6 46.Nf6 Kg7 47.Ne8+ Kh6 48.Nf6  1/2-1/2

[Event "22nd Kavala Open 2013"]
[Site "Kavala GRE"]
[Date "2013.08.07"]
[Round "2.3"]
[White "Markidis,K"]
[Black "Nevednichy,V"]
[Result "0-1"]
[WhiteElo "2369"]
[BlackElo "2573"]

1.e4 c5 2.Nf3 d6 3.Bb5+ Nd7 4.O-O Nf6 5.Re1 a6 6.Bf1 b6 7.c4 Bb7 8.Nc3 e6
9.d4 cxd4 10.Nxd4 Be7 11.f3 O-O 12.Be3 Qc7 13.Kh1 Rac8 14.a4 Ne5 15.b3 Rfd8
16.Rc1 Qb8 17.Qd2 Rd7 18.Qa2 Bd8 19.Red1 Bc7 20.Bg1 h5 21.Qf2 Ng6 22.b4 h4
23.Nb3 Bd8 24.c5 dxc5 25.bxc5 Qe5 26.Rxd7 Nxd7 27.Na2 h3 28.Qd4 hxg2+ 29.Bxg2 Qxd4
30.Bxd4 bxc5 31.Nxc5 Bg5 32.Rc3 Nxc5 33.Rxc5 Rd8 34.Bg1 Bf4 35.Nc3 Rd2 36.Bf1 Bd6
37.Rh5 Be5 38.Be3 Rb2 39.Ne2 Ra2 40.Kg1 Rxa4 41.Nc1 Ra1 42.Nd3 Bf6 43.Kf2 a5
44.Nc5 Bc6 45.Bc4 Ne5 46.Be2 a4 47.f4 Ng6 48.Bc4 Bh4+ 49.Ke2 Rh1 50.Kd3 Rxh2
51.Nxe6 fxe6 52.Bxe6+ Kf8 53.Rc5 Ne7 54.Rh5 Bg3 55.Rg5 Bf2 56.Bc1 Rh6 57.f5 Rh4
58.Bb2 Bxe4+ 59.Ke2 Rh2 60.Bxg7+ Ke8 61.f6 Bd4+ 62.Kd1 Bf3+ 63.Ke1 Re2+ 64.Kf1 Rf2+
65.Ke1 Re2+ 66.Kf1 Rxe6 67.f7+ Kxf7 68.Bxd4 Bd5 69.Rh5 Bc4+ 70.Kf2 Nd5 71.Rf5+ Kg6
72.Rf8 Re4 73.Ba1 a3 74.Ra8 a2 75.Ra4 Kf5 76.Bh8 Kg4 77.Bg7 Nf4 78.Bf6 Nh3+  0-1

[Event "22nd Kavala Open 2013"]
[Site "Kavala GRE"]
[Date "2013.08.07"]
[Round "3.12"]
[White "Alexiadis,Hristos"]
[Black "Koepke,C"]
[Result "1/2-1/2"]
[WhiteElo "1917"]
[BlackElo "2351"]

1.e4 c5 2.Nf3 d6 3.Bb5+ Nd7 4.d4 cxd4 5.Qxd4 a6 6.Bxd7+ Bxd7 7.O-O Rc8 8.Nc3 e5
9.Qd3 h6 10.b3 Nf6 11.Bb2 Be7 12.Rfd1 O-O 13.Nd5 Nxd5 14.Qxd5 Rxc2 15.Bxe5 dxe5
16.Qxd7 Qb6 17.Rd2 Rxd2 18.Nxd2 Bc5 19.Qf5 Bd4 20.Rc1 Rd8 21.Rc8 Bxf2+ 22.Kf1 Bh4
23.Nc4 Qd4 24.g3 Bf6 25.Rxd8+ Qxd8 26.Nxe5 g6 27.Qd7 Qe7 28.Qxe7 Bxe7 29.Ke2 Kf8
30.Kd3 Bd6 31.Nf3 Ke7 32.e5 Bc5 33.Kc4 Bf2 34.Kd5 h5 35.Nd2 Bg1 36.h3 f5
37.exf6+ Kxf6 38.Ne4+ Kf5 39.Nd6+ Kg5 40.a4 h4 41.gxh4+ Kxh4 42.Nxb7 Kxh3
43.b4 g5 44.Nc5 g4 45.Ne4 g3 46.Nxg3 Kxg3 47.Kc6 Be3 48.Kb7 Bd2  1/2-1/2

[Event "16th Olomouc Open"]
[Site "Olomouc CZE"]
[Date "2013.08.07"]
[Round "8.4"]
[White "Sergienko,S"]
[Black "Kriebel,T"]
[Result "0-1"]
[WhiteElo "2379"]
[BlackElo "2351"]

1.e4 c5 2.Nf3 d6 3.Bb5+ Bd7 4.Bxd7+ Qxd7 5.c4 Nf6 6.Nc3 g6 7.O-O Bg7 8.d3 O-O
9.Bg5 h6 10.Bf4 Nc6 11.Qd2 Kh7 12.h3 Nh5 13.Bh2 Nd4 14.Nxd4 cxd4 15.Ne2 f5
16.f4 e5 17.Rae1 Rae8 18.Nc1 exf4 19.Bxf4 Nxf4 20.Rxf4 Be5 21.Rff1 Bg3 22.Rd1 Bh4
23.exf5 Bg5 24.fxg6+ Kxg6 25.Qc2 Qe6 26.Kh1 Qe3 27.Nb3 Qg3 28.Rxf8 Rxf8 29.Qe2 Bf4
30.Qg4+ Qxg4 31.hxg4 Be3 32.Nd2 Rf2 33.Ne4 Rxb2 34.Nxd6 Kg5 35.c5 Kxg4 36.a4 h5
37.a5 h4 38.Nc4 Ra2 39.Re1 Bf2 40.Rf1 a6 41.Nd6 Be3 42.Nc4 h3 43.Ne5+ Kh4
44.gxh3 Rxa5 45.Kg2 Rxc5 46.Ng4 Bc1 47.Rf7 b5 48.Ra7 b4 49.Rxa6 b3 50.Rb6 b2
51.Kf3 Ra5 52.Nh6 Ra1 53.Nf5+ Kg5  0-1

[Event "100th ch-GBR 2013"]
[Site "Torquay ENG"]
[Date "2013.08.07"]
[Round "9.19"]
[White "Haria,R"]
[Black "Eames,R"]
[Result "1-0"]
[WhiteElo "2133"]
[BlackElo "2244"]

1.e4 c5 2.Nf3 d6 3.Bb5+ Bd7 4.Bxd7+ Qxd7 5.c4 Nf6 6.Nc3 g6 7.O-O Bg7 8.d4 cxd4
9.Nxd4 O-O 10.f3 Rc8 11.b3 d5 12.exd5 Nxd5 13.Nxd5 e6 14.Be3 exd5 15.cxd5 Qxd5
16.Qd2 Nd7 17.Rad1 Ne5 18.Qe2 Qa5 19.Nb5 Qa6 20.f4 Nc6 21.a4 Nb4 22.Rd6 Rc6
23.Rfd1 Re8 24.Qf2 Nc2 25.Rd8 Re6 26.Rxe8+ Rxe8 27.Qxc2 Rxe3 28.Rd8+ Bf8
29.Qc5  1-0

[Event "100th ch-GBR 2013"]
[Site "Torquay ENG"]
[Date "2013.08.07"]
[Round "9.31"]
[White "Lane,G"]
[Black "Mercs,P"]
[Result "1/2-1/2"]
[WhiteElo "2401"]
[BlackElo "2109"]

1.e4 c5 2.Nf3 d6 3.Bb5+ Nd7 4.O-O a6 5.Bd3 Ngf6 6.c3 b5 7.Bc2 Bb7 8.Re1 e6
9.d4 cxd4 10.cxd4 Be7 11.Nbd2 Rc8 12.Nf1 O-O 13.Ng3 Re8 14.Bd2 Nf8 15.Bc3 d5
16.e5 N6d7 17.Rc1 Qb6 18.h4 f6 19.exf6 Nxf6 20.Bd2 Bd6 21.Ne2 Ng4 22.Rf1 e5
23.Bf5 Rxc1 24.Bxc1 Nf6 25.dxe5 Bxe5 26.Nxe5 Rxe5 27.Nd4 g6 28.Bh3 Re4 29.Be3 Qd8
30.Bg5 Qb6 31.Be3 Qd6 32.Bg5 Qb6 33.Nb3 d4 34.g3 h6 35.Bxh6 Ne6 36.Qf3 Ng7
37.Nc5 Rxh4 38.Qxb7 Qxb7 39.Nxb7 Rxh6 40.Kg2 Rh5 41.Rd1 Rd5 42.Na5 Nf5 43.Nc6 Kf7
44.Bxf5 gxf5 45.Rxd4 Ke6 46.Kf3 Rc5 47.Nb4 a5 48.Nd3 Rc2 49.Rd8 Ng4 50.Re8+ Kf6
51.Re2 Nh2+ 52.Ke3 Ng4+ 53.Kf3 Nh2+ 54.Ke3 Ng4+  1/2-1/2

[Event "11th Davos Holiday Open 2013"]
[Site "Davos SUI"]
[Date "2013.08.08"]
[Round "3.16"]
[White "Van Beckhoven,Boudewijn"]
[Black "Smith,Bri"]
[Result "0-1"]
[WhiteElo "1902"]
[BlackElo "1714"]

1.e4 c5 2.Nf3 d6 3.Bb5+ Nd7 4.c4 g6 5.d4 cxd4 6.Qxd4 Nf6 7.Nc3 Bg7 8.Bxd7+ Bxd7
9.Qd3 O-O 10.Bd2 Qb6 11.O-O Rac8 12.b3 a6 13.Be3 Qa5 14.Bd4 Qh5 15.Rac1 Bc6
16.a4 Rfd8 17.Bxf6 Bxf6 18.Nd5 Bxd5 19.Qxd5 Qxd5 20.exd5 Bb2 21.Rc2 Ba3 22.Nd2 e5
23.Ne4 h6 24.g4 f5 25.gxf5 gxf5 26.Ng3 Rf8 27.f3 Rf6 28.Rg2 Kf7 29.Kh1 Rg8
30.Rfg1 Bc5 31.Nh5 Rgg6 32.Rxg6 Rxg6 33.Rxg6 Kxg6 34.Ng3 Kg5 35.Ne2 h5 36.Kg2 h4
37.h3 a5 38.f4+ Kf6 39.fxe5+ dxe5 40.Nc3 e4 41.Kf1 Ke5 42.Ke2 f4 43.Nb5 f3+
44.Kf1 e3 45.Nc3 Bb4 46.d6 Bxc3 47.d7 e2+  0-1

[Event "22nd Kavala Open 2013"]
[Site "Kavala GRE"]
[Date "2013.08.08"]
[Round "4.11"]
[White "Markidis,K"]
[Black "Stathopoulos,I"]
[Result "0-1"]
[WhiteElo "2369"]
[BlackElo "2248"]

1.e4 c5 2.Nf3 d6 3.Bb5+ Nd7 4.O-O Nf6 5.Re1 a6 6.Bxd7+ Qxd7 7.d4 cxd4 8.Qxd4 g6
9.e5 dxe5 10.Qxe5 Bg7 11.Nc3 O-O 12.Qxe7 Qf5 13.Bg5 Nh5 14.Rad1 Be6 15.Qd6 Rac8
16.Be7 Rfe8 17.Nd4 Bxd4 18.Rxd4 Qxc2 19.Rd2 Qf5 20.Re5 Qf4 21.g3 Qf3 22.Rd3 Qc6
23.Qb4 Bh3 24.Nd5 Nf6 25.Nxf6+ Qxf6 26.Rde3  0-1

[Event "16th Olomouc IM Prima Pack"]
[Site "Olomouc CZE"]
[Date "2013.08.08"]
[Round "9.1"]
[White "Wiley,To"]
[Black "Kubik,M"]
[Result "1-0"]
[WhiteElo "2256"]
[BlackElo "2154"]

1.e4 c5 2.Nf3 d6 3.Bb5+ Bd7 4.Bxd7+ Qxd7 5.O-O Nf6 6.Qe2 Nc6 7.Rd1 e6 8.d4 cxd4
9.Nxd4 Be7 10.c4 a6 11.b3 O-O 12.Nc3 Rfc8 13.Bb2 Nxd4 14.Rxd4 Qc6 15.a4 Nd7
16.Rd3 Bf8 17.Rg3 f6 18.Rb1 Nc5 19.Ba1 Rc7 20.h4 Re8 21.h5 Rf7 22.Re3 Qc7
23.Qc2 Rc8 24.Qe2 Qd8 25.Qg4 Qe8 26.f4 a5 27.Nb5 Nxe4 28.f5 exf5 29.Qxf5 d5
30.cxd5 Bc5 31.Bd4 Bxd4 32.Nxd4 Re7 33.Rbe1 g6 34.hxg6 hxg6 35.Qg4  1-0

[Event "100th ch-GBR 2013"]
[Site "Torquay ENG"]
[Date "2013.08.08"]
[Round "10.38"]
[White "Friedland,J"]
[Black "Scott,Gordon W"]
[Result "1/2-1/2"]
[WhiteElo "2093"]
[BlackElo "2039"]

1.e4 c5 2.Nf3 d6 3.Bb5+ Bd7 4.Bxd7+ Qxd7 5.O-O Nc6 6.Re1 Nf6 7.c3 e6 8.d4 cxd4
9.cxd4 d5 10.e5 Ne4 11.Re2 Be7 12.Be3 O-O 13.Ne1 f6 14.f3 Ng5 15.Nd3 fxe5
16.Bxg5 Bxg5 17.Nxe5 Nxe5 18.Rxe5 Bf6 19.Re2 Qd6 20.Nc3 Qb6 21.Kf1 Rac8 22.Rd2 Rc4
23.Ne2 Rfc8 24.b3 R4c6 25.g3 Qc7 26.Rb1 Bg5 27.f4 Bf6 28.Qe1 Qf7 29.Rbd1 Qg6  1/2-1/2

[Event "FSFMB August 2013"]
[Site "Budapest HUN"]
[Date "2013.08.09"]
[Round "7.1"]
[White "Bakos,Viktor"]
[Black "Altman,Joshua"]
[Result "1-0"]
[WhiteElo "1580"]
[BlackElo "1614"]

1.e4 c5 2.Nf3 d6 3.Bb5+ Bd7 4.Bxd7+ Qxd7 5.d4 cxd4 6.Nxd4 Nf6 7.Nc3 e6 8.O-O Be7
9.f3 Nc6 10.Nb3 O-O 11.Be3 Rfd8 12.Qe2 d5 13.exd5 Nxd5 14.Nxd5 Qxd5 15.Bf2 Bf6
16.Rad1 Qe5 17.Qxe5 Bxe5 18.c3 h6 19.Rfe1 Bf6 20.Bg3 Bg5 21.Kf1 Ne7 22.Nc5 Nd5
23.Bf2 Be7 24.Nb3 b5 25.a3 a5 26.Nd4 b4 27.axb4 Rdc8 28.bxa5 Rxa5 29.Ra1 Rxa1
30.Rxa1 Bf6 31.g3 Bxd4 32.Bxd4 Rb8 33.b4 Rc8 34.Ra3 Rc4 35.Rb3 Rc8 36.b5 f6
37.b6 Nxb6 38.Bxb6 Kf7 39.Ke2 Ke7 40.Be3 Kd6 41.Kd3 Kd5 42.Rb5+ Kd6 43.Rb6+ Kd5
44.c4+ Ke5 45.Bd4+ Kf5 46.Rb5+ e5 47.f4 Re8 48.fxe5 fxe5 49.Rxe5+ Rxe5 50.Bxe5 Kxe5
51.Ke3 g5 52.g4 Kd6 53.Ke4 Kc5 54.Kf5 Kxc4 55.Kg6 Kd5 56.Kxh6 Ke6 57.Kxg5 Kf7
58.h4 Kg7 59.h5 Kh7 60.h6 Kh8 61.Kf6 Kg8 62.g5 Kf8 63.g6 Kg8 64.h7+ Kh8 65.g7+ Kxh7
66.Kf7 Kh6 67.g8=Q Kh5 68.Kf6 Kh4 69.Kf5 Kh3 70.Kf4 Kh2 71.Kf3 Kh1 72.Qg2+  1-0

[Event "11th Davos Holiday Open 2013"]
[Site "Davos SUI"]
[Date "2013.08.09"]
[Round "4.16"]
[White "Van Beckhoven,Boudewijn"]
[Black "Seiler,Erik"]
[Result "1-0"]
[WhiteElo "1902"]
[BlackElo "1947"]

1.e4 c5 2.Nf3 d6 3.Bb5+ Bd7 4.Bxd7+ Nxd7 5.c4 g6 6.O-O Bg7 7.d4 cxd4 8.Nxd4 Ngf6
9.Nc3 O-O 10.Be3 Ne5 11.b3 Nc6 12.f3 h5 13.Qd2 Kh7 14.Nde2 Qa5 15.Rac1 Rad8
16.Rfd1 Rd7 17.Bg5 Rfd8 18.Bxf6 Bxf6 19.Nd5 Qxd2 20.Nxf6+ exf6 21.Rxd2 b6
22.Rcd1 Kg7 23.Nc3 Ne7 24.Nb5 Nc8 25.Kf2 a6 26.Nc3 g5 27.g3 Re7 28.Nd5 Rb7
29.Ne3 Rbd7 30.Nf5+ Kf8 31.h4 gxh4 32.gxh4 Re8 33.Rd5 Re5 34.Ng3 Rxd5 35.Rxd5 Ne7
36.Rxh5 Kg7 37.Nf5+ Nxf5 38.Rxf5 Rd8 39.Rd5 Kf8 40.h5 Ke7 41.h6 Rh8 42.Rh5 Kf8
43.Ke3 Ke7 44.Kd4 Ke6 45.f4 Rh7 46.f5+ Kd7 47.Kd5 Kc7 48.b4 b5 49.c5 dxc5
50.Kxc5 Kb7 51.Kd6 a5 52.a3 Kb6 53.Ke7 axb4 54.axb4 Kc6 55.Kf8 Rh8+ 56.Kxf7 Kd6
57.Kxf6  1-0

[Event "22nd Kavala Open 2013"]
[Site "Kavala GRE"]
[Date "2013.08.09"]
[Round "5.4"]
[White "Nevednichy,V"]
[Black "Galopoulos,N"]
[Result "1/2-1/2"]
[WhiteElo "2573"]
[BlackElo "2354"]

1.e4 c5 2.Nf3 d6 3.Bb5+ Nd7 4.d4 cxd4 5.Qxd4 a6 6.Bxd7+ Bxd7 7.c4 e5 8.Qd3 h6
9.Nc3 Nf6 10.a4 Rc8 11.O-O Be7 12.b3 Qb6 13.Be3 Qc7 14.a5 O-O 15.Rfe1 Bc6
16.Nd2 Bd8 17.Nf1 Qb8 18.Ng3 Bd7 19.h3 b6 20.axb6 Bxb6 21.Rxa6 Bxe3 22.Qxe3 Qxb3
23.Nd5 Qxe3 24.Nxf6+ gxf6 25.Rxe3 Kg7 26.Rxd6 Be6 27.Rc3 Rxc4 28.Rxc4 Bxc4
29.Nh5+ Kg6 30.Nxf6 Kg7 31.Ng4 f6 32.Ne3 Bf7 33.Nf5+ Kg6 34.Kh2 Rb8 35.Rc6 Rb2
36.f3 Rd2 37.h4 h5 38.Rb6 Rc2 39.Rb7 Rd2 40.Re7 Rb2 41.Ng3 Bc4 42.Kh3 Rb3
43.Nf5 Bf7 44.Nd6 Bg8 45.Kg3 Rd3 46.Nf5 Bf7 47.Rc7 Rb3 48.Kh2 Rb2 49.Rc6 Ra2
50.Kh3 Ra3 51.Ng3 Kg7 52.Rc7 Kg6 53.Kh2 Be6 54.Re7 Ra6 55.Ne2 Bc4 56.Nc3 Ra3
57.Nd1 Ra2 58.Ne3 Bf7 59.Rc7 Ra3 60.Nf1 Ra2 61.Re7 Rb2 62.Kh3 Rb3 63.Nh2 Bc4
64.g4 hxg4+ 65.Kxg4 Rb2 66.Kg3 Rb3 67.Rd7 Bd3 68.h5+ Kxh5 69.Ng4 Be2 70.Rh7+ Kg5
71.Rg7+ Kh5 72.Kf2 Bxf3 73.Nxf6+ Kh4 74.Rg8 Bh5 75.Nxh5 Kxh5 76.Re8 Kg5 77.Rxe5+ Kf4
78.Re8 Rf3+ 79.Kg2 Re3 80.e5 Rxe5 81.Rxe5 Kxe5  1/2-1/2

[Event "Stare Mesto Open 2013"]
[Site "Stare Mesto CZE"]
[Date "2013.08.09"]
[Round "1.7"]
[White "Jasny,Stanislav2"]
[Black "Talla,V"]
[Result "0-1"]
[WhiteElo "1806"]
[BlackElo "2374"]

1.e4 c5 2.Nf3 d6 3.Bb5+ Nd7 4.O-O Nf6 5.e5 dxe5 6.Nxe5 a6 7.Nxd7 Bxd7 8.Bxd7+ Qxd7
9.d3 e6 10.b3 Qd4 11.c3 Qd5 12.Qe2 Be7 13.Bb2 Rd8 14.Rd1 O-O 15.Na3 Qh5 16.Qxh5 Nxh5
17.g3 Bf6 18.Nc2 Rd7 19.Ne1 g6 20.Rab1 Ng7 21.Kf1 Rfd8 22.c4 Bxb2 23.Rxb2 e5
24.Rbd2 Ne6 25.Nf3 f6 26.Ke2 g5 27.h3 h5 28.Ne1 Kf7 29.Nc2 h4 30.Ne3 Nd4+
31.Kf1 Nf3 32.Rb2 Rxd3 33.Rxd3 Rxd3 34.Ke2 e4 35.gxh4 gxh4 36.Ng2 Nd4+ 37.Ke1 Rxh3
38.Ne3 Rh1+ 39.Kd2 Nf3+ 40.Kc2 h3 41.Nf5 Nd4+  0-1

[Event "100th ch-GBR 2013"]
[Site "Torquay ENG"]
[Date "2013.08.09"]
[Round "11.14"]
[White "Haria,R"]
[Black "Fernandez,Dan SIN"]
[Result "0-1"]
[WhiteElo "2133"]
[BlackElo "2346"]

1.e4 c5 2.Nf3 d6 3.Bb5+ Nd7 4.d4 cxd4 5.Qxd4 a6 6.Bxd7+ Bxd7 7.Nc3 e5 8.Qd3 h6
9.O-O Nf6 10.a4 Rc8 11.Rd1 Qc7 12.Nd2 Be7 13.Nf1 Qc4 14.Ne3 Qxd3 15.Rxd3 O-O
16.a5 Be6 17.b3 Rc5 18.Bb2 Rfc8 19.f3 Bf8 20.Kf2 h5 21.Ne2 d5 22.exd5 Nxd5
23.Nxd5 Bxd5 24.c4 Be6 25.Ng3 f6 26.Ne4 R5c6 27.Rad1 b6 28.axb6 Rxb6 29.Ra1 Bxc4
30.bxc4 Rxb2+ 31.Rd2 Rxd2+ 32.Nxd2 Bb4 33.Ke2 a5 34.Ra4 Kf7 35.Ne4 Ke6 36.Kd3 Rd8+
37.Kc2 f5 38.Ng3 Rd2+ 39.Kb3 h4 40.Nf1 Rd1  0-1